000 00265nam a2200109 a 4500
008 110503s1992|||| d
245 1 0 _aPohybové recepty na aktívne zdravie
260 _bKorekt
_aBratislava
_c1992
020 _c10
041 _aslo
044 _axo
_cSK
999 _c19314
_d19314